000 00598nam a2200241 a 4500
001 nice12345678
003 IN_TiNIC
005 20260116013613.0
008 050524s1982 dela grp 000 0 urd
020 _a
_c30
082 0 0 _a297.1227
_bMAU
100 _aMaudoodi, Abul Ala
245 _aQurani Sortoun Ka Pas Manzar
260 _aDelhi
_bMarkazi Maktaba Jamat-E-Islami
_c1982
300 _a472p
500 _aincludes index and biblioraphy
505 2 _aIndex
650 _aQuran-Hermeneutics
700 1 _aMaudoodi, Abul Ala
902 _bSRS
942 _cBK
999 _c11628
_d11628